000 00545nam a22001577a 4500
003 0
005 20231107100414.0
008 230929b xxu||||| |||| 00| 0 eng d
050 _aRC 552
_b.V35 2022
100 _aValladolid, Jannea Mari S.
245 _a Binge eating symptoms and overcoming boredom of unemployed young adults because of the pandemic
_cValladolid, Jannea Mari S.
260 _aLas Pinas City
_bSouthville International School and Colleges
_cC2022
300 _ax,104pp.
_c28cm.
500 _aEating disorders.
942 _2lcc
_cTH
999 _c365429
_d365429